Sustainable geography (Record no. 62883)
[ view plain ]
| 000 -LEADER | |
|---|---|
| fixed length control field | 01578nam a2200361 a 4500 |
| 082 04 - DEWEY DECIMAL CLASSIFICATION NUMBER | |
| Classification number | 910 |
| 100 1# - MAIN ENTRY--AUTHOR NAME | |
| Personal name | Brunet, Roger, |
| 245 10 - TITLE STATEMENT | |
| Title | Sustainable geography |
| 260 ## - PUBLICATION, DISTRIBUTION, ETC. (IMPRINT) | |
| Place of publication | London : |
| Name of publisher | ISTE ; |
| Place of publication | Hoboken, N.J. : |
| Name of publisher | Wiley, |
| Year of publication | 2011. |
| 300 ## - PHYSICAL DESCRIPTION | |
| Number of Pages | xxvi, 393 p., [8] p. of col. plates : |
| Other physical details | ill. (some col.), maps. |
| 490 1# - SERIES STATEMENT | |
| Series statement | Geographical Information systems series |
| 505 0# - FORMATTED CONTENTS NOTE | |
| Formatted contents note | pt. 1. Geographical space production : systems and laws -- pt. 2. Broken space -- pt. 3. Models and chorematics -- pt. 4. Scales of globalization and moving Europe -- pt. 5. Geography into the city prospects. |
| 650 #0 - SUBJECT ADDED ENTRY--TOPICAL TERM | |
| Topical Term | Geography |
| Topical Term | Geographical perception. |
| Topical Term | Human geography. |
| 856 40 - ELECTRONIC LOCATION AND ACCESS | |
| Uniform Resource Identifier | http://site.ebrary.com/lib/rucke/Doc?id=10671512 |
No items available.
